[Event "69th ch-BUL"]
[Site "Pleven BUL"]
[Date "2005.05.23"]
[Round "1"]
[White "Panbukchian,V"]
[Black "Chatalbashev,B"]
[Result "1-0"]
[WhiteElo "2340"]
[BlackElo "2499"]
[EventDate "2005.05.23"]

1. f4 Nf6 2. Nf3 c5 3. g3 Nc6 4. Bg2 d6 5. Nc3 Bg4 6. h3 Bxf3 7. Bxf3 Qd7
8. e3 e5 9. g4 h6 10. d3 Be7 11. Bd2 d5 12. g5 hxg5 13. fxg5 d4 14. gxf6
dxc3 15. fxe7 cxd2+ 16. Qxd2 Nxe7 17. Qg2 O-O-O 18. Qxg7 Qe6 19. Qg4 f5 20.
Qa4 Kb8 21. Qb3 Qxb3 22. axb3 Rh4 23. Ra4 Ng6 24. Rxh4 Nxh4 25. Kf2 Rg8 26.
Bd5 Rg7 27. Ra1 e4 28. Rg1 Rxg1 29. Kxg1 exd3 30. cxd3 Kc7 31. Kf2 b6 32.
Bf7 f4 33. exf4 Kd6 34. Bh5 Nf5 35. Bf7 Ke7 36. Bc4 Kf6 37. Kf3 Nd6 38. Kg4
Nf5 39. h4 Nd4 40. h5 b5 41. Bd5 a5 42. h6 Kg6 43. f5+ Kxh6 44. Kf4 Ne2+
45. Ke5 Nc1 46. f6 Nxd3+ 47. Kd6 Nf4 48. Be4 1-0

[Event "69th ch-BUL"]
[Site "Pleven BUL"]
[Date "2005.05.23"]
[Round "1"]
[White "Grigorov,G"]
[Black "Nikolov,Sas"]
[Result "1/2-1/2"]
[WhiteElo "2361"]
[BlackElo "2394"]
[EventDate "2005.05.23"]

1. d4 Nf6 2. c4 e6 3. Nc3 Bb4 4. Qc2 O-O 5. a3 Bxc3+ 6. Qxc3 b6 7. Bg5 Bb7
8. e3 d6 9. Ne2 Nbd7 10. Qd3 h6 11. Bh4 c5 12. Nc3 cxd4 13. Qxd4 Qb8 14.
Rd1 d5 15. cxd5 Nxd5 16. Nxd5 Bxd5 17. e4 Bc6 18. Bc4 Nc5 19. f3 Ba4 20.
Rd2 Rc8 21. O-O b5 22. Ba2 Bb3 23. Be7 Bxa2 24. Bxc5 a5 25. Qe3 a4 26. Bb4
Qa7 27. Qxa7 Rxa7 28. Rfd1 Bb3 29. Rd8+ Rxd8 30. Rxd8+ Kh7 31. Bc3 1/2-1/2

[Event "69th ch-BUL"]
[Site "Pleven BUL"]
[Date "2005.05.23"]
[Round "1"]
[White "Dochev,D"]
[Black "Radulski,J"]
[Result "0-1"]
[WhiteElo "2357"]
[BlackElo "2502"]
[EventDate "2005.05.23"]

1. e4 e5 2. Nf3 Nc6 3. d4 exd4 4. Nxd4 Bc5 5. Be3 Qf6 6. c3 d6 7. Bb5 Nge7
8. O-O Bd7 9. Nc2 O-O-O 10. Nd2 Rhe8 11. Bxc5 dxc5 12. Ne3 Ne5 13. Be2 g5
14. Qc2 N7g6 15. Ndc4 Nf4 16. Rfd1 Be6 17. Nxe5 Qxe5 18. Bf1 Bd7 19. f3 h5
20. Qf2 Be6 21. Qc2 a6 22. Rxd8+ Rxd8 23. Rd1 Rxd1 24. Qxd1 Qd6 25. a3 Qb6
26. Qd2 c4 27. Kh1 Nd3 28. Bxd3 cxd3 29. Kg1 f5 30. exf5 Bxf5 31. b4 Bg6
32. Kf2 Kb8 33. h3 Qe6 34. Nf1 Qe5 35. Qe1 Qf6 36. Qd2 b6 37. Ne3 Qf4 38.
Nf1 Qe5 39. Qe1 Qd5 40. Qd2 Kb7 41. Qe3 Qa2+ 42. Nd2 Qxa3 43. Qd4 Qa2 44.
Ke3 Qa1 45. Qd5+ Ka7 46. Qxg5 Qg1+ 47. Kf4 Qe1 48. Nc4 Qxc3 49. Qd5 Qxb4
50. Kg5 Qb5 51. Qxb5 axb5 52. Nb2 Bh7 53. f4 c5 54. f5 c4 55. f6 Bg8 56.
Kf4 d2 57. Nd1 b4 58. Ke3 c3 59. Kd3 h4 0-1

[Event "69th ch-BUL"]
[Site "Pleven BUL"]
[Date "2005.05.23"]
[Round "1"]
[White "Bojkov,D"]
[Black "Kozhuharov,S"]
[Result "1/2-1/2"]
[WhiteElo "2509"]
[BlackElo "2375"]
[EventDate "2005.05.23"]

1. e4 c5 2. Nf3 d6 3. d4 Nf6 4. Nc3 cxd4 5. Nxd4 Nc6 6. g3 g6 7. Nde2 Bg7
8. Bg2 O-O 9. O-O Rb8 10. a4 a6 11. Nd5 Nd7 12. c3 b5 13. axb5 axb5 14. Bg5
h6 15. Be3 Bb7 16. Nd4 Nxd4 17. cxd4 Bxd5 18. exd5 Qb6 19. Rc1 Qa5 20. Rc6
Nb6 21. Bd2 Qa4 22. Qxa4 bxa4 23. Bc3 Rfc8 24. Ra1 Kf8 25. Ra3 Ke8 26. b3
axb3 27. Rxb3 Na4 28. Ba5 Kd7 29. Bh3+ f5 30. Rxc8 Kxc8 31. Ra3 Rb1+ 32.
Bf1 Nb6 33. Bxb6 Rxb6 34. Ra4 Rb2 35. Kg2 Rd2 36. Bc4 Kc7 37. Ra7+ Kd8 38.
Ra8+ Kc7 39. Ra7+ Kd8 1/2-1/2

[Event "69th ch-BUL"]
[Site "Pleven BUL"]
[Date "2005.05.23"]
[Round "1"]
[White "Iotov,V"]
[Black "Raev,R"]
[Result "1-0"]
[WhiteElo "2433"]
[BlackElo "2338"]
[EventDate "2005.05.23"]

1. d4 d5 2. Nf3 Nf6 3. c4 e6 4. Nc3 Be7 5. Bg5 O-O 6. e3 c6 7. Qc2 Nbd7 8.
O-O-O Re8 9. Kb1 a6 10. h4 b5 11. c5 e5 12. dxe5 Ng4 13. Nd4 Bxg5 14. hxg5
g6 15. Nxc6 Qc7 16. Nb4 Qxc5 17. Nbxd5 Ndxe5 18. b4 Qa7 19. Ne4 Bf5 20.
Nef6+ Kf8 21. e4 Rec8 22. Qb2 Qxf2 23. exf5 Qxf5+ 24. Ka1 Nf2 25. Nd7+ Kg7
26. Bd3 Nxd1 27. Rxd1 Qe6 28. Nxe5 Kg8 29. Ng4 1-0

[Event "69th ch-BUL"]
[Site "Pleven BUL"]
[Date "2005.05.23"]
[Round "1"]
[White "Petkov,V"]
[Black "Rusev,K"]
[Result "1-0"]
[WhiteElo "2463"]
[BlackElo "2427"]
[EventDate "2005.05.23"]

1. d4 Nf6 2. c4 e6 3. Nc3 Bb4 4. e3 b6 5. Nge2 Ba6 6. a3 Bxc3+ 7. Nxc3 d5
8. b3 O-O 9. Be2 Nc6 10. O-O dxc4 11. b4 Nd5 12. Bb2 Qd6 13. Qa4 Nxc3 14.
Bxc3 b5 15. Qc2 Bb7 16. Bf3 Rab8 17. Rad1 Ne7 18. e4 Rbd8 19. Qb2 Ng6 20.
g3 Qe7 21. Rfe1 f5 22. d5 f4 23. Bg4 e5 24. Be6+ Kh8 25. Bxe5 Bc8 26. Bd4
Bxe6 27. dxe6 Rd6 28. e5 Rd5 29. Bc5 Qxe6 30. Bxf8 f3 31. Rxd5 Qh3 32.
Bxg7+ Kg8 33. Rd8+ Kxg7 34. e6+ Kh6 35. Qd2+ Kg7 36. Qc3+ 1-0

[Event "69th ch-BUL"]
[Site "Pleven BUL"]
[Date "2005.05.24"]
[Round "2"]
[White "Raev,R"]
[Black "Petkov,V"]
[Result "1/2-1/2"]
[WhiteElo "2338"]
[BlackElo "2463"]
[EventDate "2005.05.23"]

1. Nf3 Nf6 2. g3 d5 3. Bg2 c6 4. O-O Bg4 5. d4 Nbd7 6. Nbd2 e6 7. b3 Be7 8.
Bb2 O-O 9. c4 a5 10. Ne5 Nxe5 11. dxe5 Nd7 12. h3 Bh5 13. g4 Bg6 14. f4 a4
15. Kh2 f6 16. cxd5 cxd5 17. Nf3 a3 18. Bc3 Be4 19. Nd4 Nc5 20. exf6 Rxf6
21. Nb5 Rf7 22. Be5 Qb6 23. Nd4 Raf8 24. Rc1 Bf6 25. Bxf6 Rxf6 26. e3 g5
27. Bxe4 Nxe4 28. f5 Qd6+ 29. Kh1 Ng3+ 30. Kg2 exf5 31. Rxf5 Nxf5 32. gxf5
Qe5 33. Qf3 Rxf5 34. Nxf5 Rxf5 35. Qe2 Kg7 36. Qd3 Rf6 37. Rc5 Qb2+ 38. Rc2
Qe5 39. Rc5 Qb2+ 40. Rc2 Qa1 41. Rc7+ Kf8 42. Rc8+ Kg7 43. Rc7+ Kf8 44.
Rc8+ Kg7 45. Rc7+ 1/2-1/2

[Event "69th ch-BUL"]
[Site "Pleven BUL"]
[Date "2005.05.24"]
[Round "2"]
[White "Radulski,J"]
[Black "Bojkov,D"]
[Result "1/2-1/2"]
[WhiteElo "2502"]
[BlackElo "2509"]
[EventDate "2005.05.23"]

1. e4 e5 2. Nf3 Nf6 3. Nxe5 d6 4. Nf3 Nxe4 5. d4 d5 6. Bd3 Nc6 7. O-O Be7
8. c4 Nb4 9. Nc3 Nxc3 10. bxc3 Nxd3 11. Qxd3 dxc4 12. Qxc4 O-O 13. Bf4 Be6
14. Qxc7 Qxc7 15. Bxc7 Rac8 16. Ba5 Bd5 17. Rfe1 Ba3 18. Bb4 Bxb4 19. cxb4
Rc4 20. a3 1/2-1/2

[Event "69th ch-BUL"]
[Site "Pleven BUL"]
[Date "2005.05.24"]
[Round "2"]
[White "Cheparinov,I"]
[Black "Dochev,D"]
[Result "1/2-1/2"]
[WhiteElo "2621"]
[BlackElo "2357"]
[EventDate "2005.05.23"]

1. e4 e6 2. d4 d5 3. Nc3 Bb4 4. e5 c5 5. a3 Bxc3+ 6. bxc3 Ne7 7. Qg4 O-O 8.
Bd3 f5 9. exf6 Rxf6 10. Bg5 Rf7 11. Qh5 g6 12. Qd1 Qa5 13. Bd2 Nbc6 14. Nf3
Qc7 15. dxc5 e5 16. Ng5 Rf8 17. c4 e4 18. cxd5 exd3 19. d6 Qd8 20. dxe7
Qxe7+ 21. Be3 h6 22. Nf3 Kh7 23. Qxd3 Bh3 24. gxh3 Rxf3 25. Rg1 Qg7 26. Rb1
Rf7 27. Kf1 Rd8 28. Qc4 Nd4 29. Qc3 Nf3 30. Qxg7+ Kxg7 31. Rg2 Nd2+ 32.
Bxd2 Rxd2 33. Rb2 Rd5 34. Rb5 Rc7 35. Rg3 Rdxc5 36. Rxc5 Rxc5 37. Rd3 Kf6
38. Rd7 Ra5 39. Rxb7 Rxa3 40. Kg2 Rc3 41. Rxa7 Rxc2 42. Rh7 h5 43. Kg3 Ra2
44. Rh8 Kg7 45. Rb8 Kh6 46. Rb7 Ra3+ 47. f3 Ra4 48. h4 1/2-1/2

[Event "69th ch-BUL"]
[Site "Pleven BUL"]
[Date "2005.05.24"]
[Round "2"]
[White "Nikolov,Sas"]
[Black "Ninov,N"]
[Result "0-1"]
[WhiteElo "2394"]
[BlackElo "2486"]
[EventDate "2005.05.23"]

1. Nf3 c5 2. c4 Nc6 3. g3 g6 4. Bg2 Bg7 5. Nc3 a6 6. d3 Rb8 7. h4 h6 8. Nd2
d6 9. Bxc6+ bxc6 10. Nb3 f5 11. Bd2 Nf6 12. Qc2 e5 13. O-O-O O-O 14. f3 Be6
15. Rhg1 Rf7 16. Rg2 h5 17. Na4 Nh7 18. f4 exf4 19. gxf4 Nf8 20. Rh1 Bf6
21. Bc3 Bxh4 22. Nd2 Rh7 23. Nf3 Bf6 24. Ng5 Rh6 25. Rhg1 Qe7 26. e4 fxe4
27. Nxe4 Bd4 28. Bxd4 cxd4 29. Qf2 Bf5 30. Qxd4 Ne6 31. Qe3 d5 32. Ng5 Re8
33. Re1 dxc4 34. Nc5 Nxf4 35. Nge4 Nxg2 36. Nf6+ Kf7 0-1

[Event "69th ch-BUL"]
[Site "Pleven BUL"]
[Date "2005.05.24"]
[Round "2"]
[White "Panbukchian,V"]
[Black "Grigorov,G"]
[Result "0-1"]
[WhiteElo "2340"]
[BlackElo "2361"]
[EventDate "2005.05.23"]

1. f4 d5 2. Nf3 Bg4 3. Ne5 Bf5 4. c4 f6 5. Nf3 dxc4 6. Nc3 Nc6 7. e4 Be6 8.
f5 Bf7 9. Qa4 Qd7 10. Bxc4 Bxc4 11. Qxc4 O-O-O 12. Nd5 g6 13. fxg6 hxg6 14.
Nf4 Nh6 15. Nxg6 Rg8 16. Nxf8 Rdxf8 17. d4 Nf7 18. O-O Nd6 19. Qe2 Qg4 20.
Bh6 Rf7 21. Rae1 Rh7 22. Bc1 Nxe4 23. d5 Nb4 24. Ne5 Qxe2 25. Rxe2 Nd6 26.
Nf3 Nxd5 27. Nd4 e5 28. Nf5 Nxf5 29. Rxf5 Kd7 30. Rf3 Ke6 31. Bd2 Rh4 32.
g3 Rc4 33. Be1 f5 34. Ra3 a6 35. Rb3 b6 36. Kf2 Nf6 37. Kg2 Rd8 38. h3 Ne4
39. Rbe3 Rd5 40. g4 Nd6 41. Bc3 fxg4 42. Rxe5+ Rxe5 43. Rxe5+ Kf7 44. hxg4
Rxg4+ 45. Kf3 Rc4 46. Rh5 Ke6 47. Ke3 Rg4 48. Rh7 c5 49. Ra7 a5 50. Ra6
Nc4+ 51. Ke2 Rg3 52. Be1 Rg2+ 53. Bf2 Kd5 54. b3 Ne5 55. Kf1 Rg6 56. a3 Nd3
57. Be3 Ke4 58. Bd2 Ne5 59. Bc3 Ng4 60. Ke2 Ne3 61. Bd2 Rg2+ 62. Ke1 Nd5
63. Ra8 Kd3 64. Bh6 Rg1+ 65. Kf2 Rb1 66. Rd8 Ke4 67. Re8+ Kf5 68. Rf8+ Kg6
69. Bd2 Rxb3 70. Ke2 Nc3+ 71. Kf3 Rxa3 72. Kg4 Ne4 73. Be1 Ra1 74. Bh4 Rg1+
75. Kh3 Rb1 76. Kg4 Rb4 77. Be1 Nf6+ 78. Kf3 Rb3+ 79. Ke2 a4 80. Bh4 Nd5
81. Kd2 c4 82. Rd8 Rd3+ 83. Kc1 b5 84. Be1 c3 85. Ra8 Ne3 86. Bxc3 Rxc3+
0-1

[Event "69th ch-BUL"]
[Site "Pleven BUL"]
[Date "2005.05.25"]
[Round "3"]
[White "Grigorov,G"]
[Black "Chatalbashev,B"]
[Result "0-1"]
[WhiteElo "2361"]
[BlackElo "2499"]
[EventDate "2005.05.23"]

1. d4 Nf6 2. c4 e6 3. Nc3 d5 4. Nf3 dxc4 5. e3 a6 6. a4 c5 7. Bxc4 Nc6 8.
O-O Qc7 9. Qe2 Bd6 10. h3 O-O 11. Rd1 b6 12. d5 exd5 13. Nxd5 Nxd5 14. Bxd5
Bb7 15. e4 Rae8 16. Be3 Bf4 17. Bxf4 Qxf4 18. Qd2 Qc7 19. Rac1 Na5 20. Qc3
Bxd5 21. exd5 Qd6 22. b3 Re4 23. Qd3 Rb4 24. Rc3 Nxb3 25. Rc4 Na5 26. Rxb4
cxb4 27. Qxa6 b3 28. Qb5 Rd8 29. Ng5 Qc5 30. Qd3 Qc2 31. Qxc2 bxc2 32. Rc1
Rc8 33. d6 Nb7 34. d7 Rc7 35. Nf3 Kf8 36. Kf1 Ke7 37. Nd4 Kxd7 38. Nxc2 Nd6
39. Ke2 Rc4 40. Kd3 Rxa4 41. Rb1 Kc6 42. Ne3 Ne4 43. Rc1+ Nc5+ 44. Ke2 Ra2+
45. Kf3 b5 46. Rd1 b4 47. Nd5 Ra3+ 48. Kg4 b3 49. Ne3 b2 50. Rb1 Nd3 51.
Nd1 Ra1 52. Nxb2 Nxf2+ 0-1

[Event "69th ch-BUL"]
[Site "Pleven BUL"]
[Date "2005.05.25"]
[Round "3"]
[White "Dochev,D"]
[Black "Nikolov,Sas"]
[Result "1-0"]
[WhiteElo "2357"]
[BlackElo "2394"]
[EventDate "2005.05.23"]

1. e4 c6 2. d4 d5 3. e5 Bf5 4. Nf3 e6 5. a3 Ne7 6. Nbd2 Nd7 7. Nh4 Bg6 8.
c3 Nf5 9. Nxg6 hxg6 10. Nf3 a6 11. h3 Be7 12. g4 Nh4 13. Nxh4 Bxh4 14. Be3
c5 15. Bd3 cxd4 16. cxd4 Rc8 17. Qd2 Be7 18. Kf1 Nb6 19. b3 Nd7 20. Kg2 Nb8
21. f4 Nc6 22. b4 Qb6 23. Rab1 Qa7 24. Rhc1 Kd7 25. a4 Nb8 26. Rf1 Nc6 27.
b5 axb5 28. axb5 Nd8 29. Ra1 Qb6 30. Qb2 Ke8 31. Ra2 Kf8 32. Bd2 Qc7 33.
Rc1 Qd7 34. Rxc8 Qxc8 35. Qc3 Qxc3 36. Bxc3 Ke8 37. Ra8 g5 38. f5 Rh6 39.
Rb8 exf5 40. gxf5 Rh4 41. b6 f6 42. Bb5+ Kf7 43. e6+ Kg8 44. Be8 g4 45.
hxg4 Rxg4+ 46. Kf3 Rh4 47. Rc8 Rh3+ 48. Ke2 g5 49. fxg6 f5 50. Bd2 Kg7 51.
Rc7 Kf6 52. Bf4 Rh4 53. Be5+ Kxe6 54. Bd7+ 1-0

[Event "69th ch-BUL"]
[Site "Pleven BUL"]
[Date "2005.05.25"]
[Round "3"]
[White "Bojkov,D"]
[Black "Cheparinov,I"]
[Result "1/2-1/2"]
[WhiteElo "2509"]
[BlackElo "2621"]
[EventDate "2005.05.23"]

1. e4 c5 2. Nf3 e6 3. d3 Nc6 4. g3 g6 5. Bg2 Bg7 6. O-O Nge7 7. c3 e5 8. a3
d6 9. b4 O-O 10. Bb2 a6 11. Nbd2 h6 12. Nb3 b6 13. d4 exd4 14. cxd4 c4 15.
Nc1 d5 16. e5 Bf5 17. Nh4 Be6 18. Ne2 g5 19. Nf3 Ng6 20. Ne1 f6 21. exf6
Qxf6 22. Nc2 Rad8 23. Ne3 Nf4 24. gxf4 gxf4 25. Ng3 f3 26. Bh1 Nxd4 27.
Bxd4 Qxd4 28. Qa4 Qf4 29. Rad1 d4 30. Qc6 Rd6 31. Qc7 Rf7 32. Qb8+ Bf8 33.
Nc2 d3 34. Ne1 Bh3 35. Nxd3 cxd3 36. Rfe1 Re6 37. Qxf4 Rxe1+ 38. Rxe1 Rxf4
39. Rd1 Rd4 40. Bxf3 Be6 41. Nf1 a5 42. bxa5 bxa5 43. Ra1 Bb3 44. Ne3 Rd8
45. Bd1 Be6 46. a4 Bb4 47. Rc1 Kf7 48. Kg2 Kf6 49. Rc6 Rd6 50. Rc7 d2 51.
Kf3 Ke5 52. Ke2 Kf6 53. Rh7 Kg5 54. h4+ Kxh4 55. Rxh6+ Kg5 56. Rh8 Bf7 57.
Rf8 Rd7 58. Rc8 Bh5+ 59. f3 Re7 60. Rc4 Bf7 61. Rg4+ Kf6 62. Rf4+ Kg7 63.
Bc2 Bc5 64. Re4 Rd7 65. Rg4+ Kf8 66. Re4 Bb4 67. Nf1 Rc7 68. Bd3 d1=Q+ 69.
Kxd1 Bb3+ 70. Ke2 Bxa4 71. Ne3 Bb3 72. Bc4 Bxc4+ 73. Rxc4 Re7 74. Rf4+ Ke8
75. Re4 1/2-1/2

[Event "69th ch-BUL"]
[Site "Pleven BUL"]
[Date "2005.05.25"]
[Round "3"]
[White "Iotov,V"]
[Black "Radulski,J"]
[Result "1/2-1/2"]
[WhiteElo "2433"]
[BlackElo "2502"]
[EventDate "2005.05.23"]

1. d4 d5 2. Nf3 e6 3. c4 Nf6 4. Nc3 Be7 5. Bg5 O-O 6. e3 Nbd7 7. cxd5 exd5
8. Bd3 c6 9. Qc2 Re8 10. O-O Nf8 11. h3 Ng6 12. Ne5 Nd7 13. Bxe7 Qxe7 14.
f4 Ngf8 15. Rae1 Nb6 16. g4 f6 17. Nf3 Be6 18. Qg2 Bf7 19. g5 fxg5 20. Nxg5
Bh5 21. Kh2 Qf6 22. Qg3 h6 23. Nf3 Bxf3 24. Rxf3 Re7 25. f5 Nh7 26. Rf4 Qf7
27. e4 Nf6 28. e5 Nh5 29. Qf3 Nxf4 30. Qxf4 Nd7 31. Rg1 Kh8 32. f6 Nxf6 33.
exf6 Qxf6 34. Qxf6 gxf6 35. Rg6 Re3 36. Rxh6+ Kg7 37. Rg6+ Kf7 38. Rg3 Re1
39. h4 Rg8 40. Rxg8 Kxg8 41. Kg2 b5 42. a3 a5 43. Kf2 Rh1 44. Ne2 Rxh4 45.
Bf5 Rh1 46. Bd7 Rb1 47. Bxc6 Rxb2 48. Bxd5+ Kf8 49. Ke3 Ke7 1/2-1/2

[Event "69th ch-BUL"]
[Site "Pleven BUL"]
[Date "2005.05.25"]
[Round "3"]
[White "Petkov,V"]
[Black "Kozhuharov,S"]
[Result "1-0"]
[WhiteElo "2463"]
[BlackElo "2375"]
[EventDate "2005.05.23"]

1. d4 d5 2. c4 dxc4 3. e3 Nf6 4. Nf3 e6 5. Bxc4 c5 6. O-O a6 7. Bd3 cxd4 8.
exd4 Nc6 9. Nc3 Be7 10. Bg5 O-O 11. Rc1 Nd5 12. Bxe7 Ncxe7 13. Ne5 Nf6 14.
Re1 b6 15. Ne4 Ned5 16. Qf3 Nxe4 17. Qxe4 f5 18. Qe2 Rf6 19. Qd2 Bb7 20.
Be2 Rh6 21. Bf3 Qd6 22. h3 Rd8 23. a3 Rf6 24. Rc2 Rff8 25. Qg5 h6 26. Qh4
Rc8 27. Rce2 Rf6 28. Qg3 Rc7 29. Ng4 f4 30. Nxf6+ Nxf6 31. Qg6 Bxf3 32.
Rxe6 1-0

[Event "69th ch-BUL"]
[Site "Pleven BUL"]
[Date "2005.05.26"]
[Round "4"]
[White "Chatalbashev,B"]
[Black "Raev,R"]
[Result "1/2-1/2"]
[WhiteElo "2499"]
[BlackElo "2338"]
[EventDate "2005.05.23"]

1. d4 d5 2. c4 e6 3. Nc3 Nf6 4. cxd5 exd5 5. Bg5 Be7 6. e3 O-O 7. Bd3 Nbd7
8. Nf3 c6 9. Qc2 Re8 10. O-O h6 11. Bf4 Nf8 12. h3 Ne6 13. Bh2 a6 14. Rad1
g6 15. Ne5 Ng7 16. g4 Bd6 17. f4 h5 18. f5 g5 19. gxh5 Nfxh5 20. Qg2 f6 21.
Ng4 Qc7 22. e4 Bxh2+ 23. Qxh2 Qxh2+ 24. Kxh2 Kf7 25. exd5 Nf4 26. dxc6 Rh8
27. Bc4+ Kf8 28. Rxf4 gxf4 29. cxb7 Bxb7 30. Rf1 f3 31. d5 Ne8 32. Ne4 Rd8
33. Rxf3 Nd6 34. Nxd6 Rxd6 35. Kg3 Kg7 36. Ne3 a5 37. Kf4 Rh4+ 38. Ng4 Rd7
39. Rd3 Rd6 40. Ke4 Bc8 41. Rg3 Kf7 42. b3 Rh5 43. Rf3 Kg7 44. Ne3 Rh4+ 45.
Kd3 Kh6 46. Ng2 Rh5 47. Ne3 Rh4 48. Ng2 Rh5 49. Ke4 Rd8 50. Ne3 Rh4+ 51.
Kd3 Rd6 1/2-1/2

[Event "69th ch-BUL"]
[Site "Pleven BUL"]
[Date "2005.05.26"]
[Round "4"]
[White "Kozhuharov,S"]
[Black "Rusev,K"]
[Result "1/2-1/2"]
[WhiteElo "2375"]
[BlackElo "2427"]
[EventDate "2005.05.23"]

1. e4 c5 2. Nf3 Nc6 3. d4 cxd4 4. Nxd4 Nf6 5. Nc3 e6 6. Ndb5 Bb4 7. a3
Bxc3+ 8. Nxc3 d5 9. exd5 exd5 10. Bd3 O-O 11. O-O d4 12. Ne2 Re8 13. Bg5
Re5 14. Bf4 Rd5 15. Ng3 Ne5 16. Bxe5 Rxe5 17. Qd2 Be6 18. Rfe1 Rxe1+ 19.
Rxe1 Qb6 20. b3 Rd8 21. Re5 Qd6 22. Ra5 a6 23. Ne4 Nxe4 24. Bxe4 Qe7 25.
Qb4 Qxb4 26. axb4 d3 27. cxd3 f5 28. Bxb7 Rxd3 29. Bxa6 Rxb3 1/2-1/2

[Event "69th ch-BUL"]
[Site "Pleven BUL"]
[Date "2005.05.26"]
[Round "4"]
[White "Radulski,J"]
[Black "Petkov,V"]
[Result "1/2-1/2"]
[WhiteElo "2502"]
[BlackElo "2463"]
[EventDate "2005.05.23"]

1. e4 c5 2. Nc3 d6 3. f4 Nc6 4. Nf3 g6 5. d4 cxd4 6. Nxd4 Bg7 7. Be3 Nf6 8.
Be2 O-O 9. Nb3 a5 10. a4 Nb4 11. O-O Bd7 12. Bf3 Bc6 13. Nd5 Nd7 14. c3 Na6
15. Bf2 e6 16. Nd4 exd5 17. exd5 Bxa4 18. Qxa4 Nac5 19. Qb5 a4 20. Rad1 Re8
21. Rfe1 a3 22. bxa3 Rxe1+ 23. Rxe1 Rxa3 24. Ne6 Qa5 25. Qxa5 Rxa5 26. Nxc5
Nxc5 27. Re8+ Bf8 28. Bh4 Kg7 29. h3 Ra4 30. Bg3 b5 31. f5 Nd7 32. Rd8 Ra7
33. Bf2 Be7 34. Bd4+ Bf6 35. Bxf6+ Kxf6 36. fxg6 hxg6 37. Bg4 Ne5 38. Rxd6+
Kg5 39. Be2 Rc7 40. Bxb5 Rxc3 41. Kf2 Rc2+ 42. Ke3 Rxg2 43. Ke4 f6 44. h4+
Kxh4 45. Rxf6 Ng4 46. Rxg6 Rb2 47. Bc6 Rb4+ 48. Kf5 Ne3+ 49. Ke5 Nxd5 50.
Bxd5 Rg4 1/2-1/2

[Event "69th ch-BUL"]
[Site "Pleven BUL"]
[Date "2005.05.26"]
[Round "4"]
[White "Cheparinov,I"]
[Black "Iotov,V"]
[Result "1-0"]
[WhiteElo "2621"]
[BlackElo "2433"]
[EventDate "2005.05.23"]

1. d4 Nf6 2. c4 e6 3. Nf3 b6 4. g3 Ba6 5. b3 Bb7 6. Bg2 Bb4+ 7. Bd2 a5 8.
O-O O-O 9. Qc2 h6 10. a3 Be7 11. Nc3 d5 12. Rfd1 Na6 13. Bf4 Qc8 14. Qb2
Rd8 15. Rac1 c5 16. Na4 Nd7 17. Ne5 Nxe5 18. Bxe5 f6 19. Bf4 Qc6 20. cxd5
exd5 21. e4 dxe4 22. d5 Qb5 23. Bf1 Qe8 24. Nxb6 Ra7 25. d6 Bf8 26. d7 Qh5
27. Qc3 Qf5 28. Bd6 Bxd6 29. Rxd6 Kf8 30. Rcd1 Nc7 31. Bc4 Ba6 32. a4 Qf3
33. Qxf3 exf3 34. Nc8 Ra8 35. Rc6 Bxc4 36. bxc4 Na6 37. Nb6 Rab8 38. Re1
Kf7 39. Rc8 Nc7 40. h4 Rxb6 41. Rxd8 Rd6 42. Re3 Ne6 43. Re8 1-0

[Event "69th ch-BUL"]
[Site "Pleven BUL"]
[Date "2005.05.26"]
[Round "4"]
[White "Panbukchian,V"]
[Black "Dochev,D"]
[Result "1-0"]
[WhiteElo "2340"]
[BlackElo "2357"]
[EventDate "2005.05.23"]

1. f4 d5 2. Nf3 g6 3. g3 Bg7 4. Bg2 Nh6 5. O-O O-O 6. c3 c5 7. d3 d4 8. Qe1
Nc6 9. Na3 Rb8 10. Nc2 b5 11. cxd4 Nxd4 12. Ncxd4 cxd4 13. Bd2 Bb7 14. Rc1
Nf5 15. Rc5 Qb6 16. b4 Rfc8 17. g4 Ne3 18. Bxe3 dxe3 19. Qc1 Qe6 20. f5 Qd6
21. fxg6 fxg6 22. Ng5 Re8 23. Bxb7 Rxb7 24. Qc2 e6 25. Ne4 Qd8 26. g5 Bd4
27. Rc6 Rf7 28. Rxf7 Kxf7 29. Rd6 1-0

[Event "69th ch-BUL"]
[Site "Pleven BUL"]
[Date "2005.05.27"]
[Round "5"]
[White "Ninov,N"]
[Black "Chatalbashev,B"]
[Result "1/2-1/2"]
[WhiteElo "2486"]
[BlackElo "2499"]
[EventDate "2005.05.23"]

1. e4 g6 2. d4 Bg7 3. Nc3 c6 4. h3 d6 5. a4 Nf6 6. Be3 O-O 7. Qd2 Nbd7 8.
a5 b5 9. axb6 Qxb6 10. Ra2 c5 11. e5 dxe5 12. dxc5 Nxc5 13. Bc4 Qb4 14. b3
Bb7 15. Ne4 Qxd2+ 16. Nxd2 Rfc8 17. Ra5 Bxg2 18. Rh2 Nb7 19. Rxe5 Bc6 20.
Rxe7 Nd5 21. Bxd5 Bxd5 22. Rd7 Be5 23. f4 Bd6 24. Nc4 Bxc4 25. bxc4 Bb4+
26. Bd2 Nc5 27. Rd5 a5 28. c3 Ba3 29. Be3 Re8 30. Kf2 Ne4+ 31. Kf3 Nxc3 32.
Rd3 Bb4 33. Rc2 Ne4 34. c5 Rac8 35. c6 Nd6 36. c7 Nb5 37. Bb6 Kf8 1/2-1/2

[Event "69th ch-BUL"]
[Site "Pleven BUL"]
[Date "2005.05.27"]
[Round "5"]
[White "Dochev,D"]
[Black "Grigorov,G"]
[Result "1/2-1/2"]
[WhiteElo "2357"]
[BlackElo "2361"]
[EventDate "2005.05.23"]

1. e4 c5 2. Nf3 d6 3. d4 Nf6 4. Nc3 cxd4 5. Nxd4 a6 6. Be3 Ng4 7. Bg5 h6 8.
Bh4 g5 9. Bg3 Bg7 10. h3 Ne5 11. Nf5 Bxf5 12. exf5 Nec6 13. Bd3 Qa5 14. O-O
Nd7 15. Rb1 Nde5 16. Be4 Nd7 17. Nd5 Nf6 18. b4 Qd8 19. Nxf6+ Bxf6 20. Qh5
d5 21. Rfd1 Nd4 22. Bxd5 Qxd5 23. c3 Qxf5 24. cxd4 Kf8 25. Rbc1 Kg7 26. Qg4
Qxg4 27. hxg4 Rac8 28. d5 Rhd8 29. Rxc8 Rxc8 30. d6 exd6 31. Rxd6 Rc1+ 32.
Kh2 Ra1 33. Rb6 Rxa2 34. Rxb7 Rb2 1/2-1/2

[Event "69th ch-BUL"]
[Site "Pleven BUL"]
[Date "2005.05.27"]
[Round "5"]
[White "Iotov,V"]
[Black "Nikolov,Sas"]
[Result "0-1"]
[WhiteElo "2433"]
[BlackElo "2394"]
[EventDate "2005.05.23"]

1. d4 Nf6 2. c4 g6 3. Nc3 d5 4. Nf3 Bg7 5. Bg5 Ne4 6. cxd5 Nxg5 7. Nxg5 e6
8. Qd2 exd5 9. Qe3+ Kf8 10. Qf4 Bf6 11. h4 h6 12. Nf3 Kg7 13. e3 c5 14.
O-O-O cxd4 15. exd4 Nc6 16. g4 Be6 17. Bd3 Qb8 18. Qe3 Bxg4 19. Nxd5 Re8
20. Be4 Qd6 21. Rhg1 Bxf3 22. Qxf3 Nxd4 23. Qd3 Rad8 24. f3 Qh2 25. Rh1 Qe5
26. Nxf6 Qxf6 27. Kb1 Re6 28. h5 g5 29. Qc3 b6 30. Rd2 Red6 31. Rhd1 Nb5
32. Qxf6+ Kxf6 33. Rxd6+ Rxd6 34. Rc1 Ke5 35. a4 Nd4 36. Rc7 f5 37. Ba8 a5
38. Rg7 Kf4 39. Ka2 Nxf3 40. Rg6 Rd8 0-1

[Event "69th ch-BUL"]
[Site "Pleven BUL"]
[Date "2005.05.28"]
[Round "6"]
[White "Radulski,J"]
[Black "Raev,R"]
[Result "1-0"]
[WhiteElo "2502"]
[BlackElo "2338"]
[EventDate "2005.05.23"]

1. d4 d5 2. c4 e6 3. Nc3 Nf6 4. cxd5 exd5 5. Bg5 Be7 6. Qc2 O-O 7. e3 Nbd7
8. Bd3 b6 9. Nf3 Bb7 10. Ne5 h6 11. h4 Nxe5 12. dxe5 Ng4 13. Bf4 Bxh4 14.
g3 Bg5 15. O-O-O Qe7 16. Qe2 Nxe5 17. Bxe5 Qxe5 18. f4 Qe7 19. fxg5 Qxg5
20. Rh5 Qxg3 21. Nxd5 Rfe8 22. e4 Rad8 23. Qh2 Qxh2 24. Rxh2 c5 25. Bb5 Rf8
26. Bc4 Kh8 27. Rf1 Rde8 28. Rf4 Re5 29. Rhf2 f6 30. Kd2 Rd8 31. Kc3 Bc6
32. a3 b5 33. Bf1 a5 34. Bg2 c4 35. Rf5 Ree8 36. Nc7 Rd3+ 37. Kc2 Rc8 38.
Nxb5 Bd7 39. Nc3 Bxf5 40. exf5 Rc5 41. Rf4 Rg3 42. Bf3 Rg1 43. Rd4 Rc8 44.
Bb7 Rb8 45. Be4 Rf1 46. Nd1 Rc8 47. Ne3 Rf4 48. Nxc4 g6 49. Kd3 gxf5 50.
Nd6 Rc5 51. Bd5 Rxd4+ 52. Kxd4 Rc2 53. b4 axb4 54. axb4 Rd2+ 55. Kc5 f4 56.
b5 1-0

[Event "69th ch-BUL"]
[Site "Pleven BUL"]
[Date "2005.05.28"]
[Round "6"]
[White "Nikolov,Sas"]
[Black "Petkov,V"]
[Result "0-1"]
[WhiteElo "2394"]
[BlackElo "2463"]
[EventDate "2005.05.23"]

1. e4 c5 2. Nf3 d6 3. d4 cxd4 4. Nxd4 Nf6 5. Nc3 a6 6. Be3 e5 7. Nb3 Be6 8.
Qd2 Nbd7 9. f3 Be7 10. O-O-O b5 11. g4 Nb6 12. Qf2 Nfd7 13. h4 Rc8 14. Kb1
Rxc3 15. bxc3 Na4 16. Qe1 Qc7 17. Bd2 O-O 18. Bd3 Ndb6 19. Ka1 d5 20. Rb1
Rc8 21. g5 dxe4 22. fxe4 Nc4 23. Bxc4 bxc4 24. Nc1 Ba3 25. g6 fxg6 26. h5
Rb8 27. Nb3 cxb3 28. cxb3 Nc5 29. hxg6 h6 30. Bxh6 Nxb3+ 31. Rxb3 Bxb3 32.
Bxg7 Bc2 33. Rh8+ Kxg7 34. Rh7+ Kxg6 35. Rh6+ Kxh6 36. Qh4+ Kg7 37. Qg5+
Kf8 38. Qf6+ Kg8 39. Qg6+ Qg7 40. Qe6+ Qf7 0-1